Making Sense of Religious Pluralism (Record no. 12824)

MARC details
000 -LEADER
fixed length control field 00556nam a22001937a 4500
003 - CONTROL NUMBER IDENTIFIER
control field BSU
005 - DATE AND TIME OF LATEST TRANSACTION
control field 20250220100411.0
008 - FIXED-LENGTH DATA ELEMENTS--GENERAL INFORMATION
fixed length control field 250220b |||||||| |||| 00| 0 eng d
020 ## - INTERNATIONAL STANDARD BOOK NUMBER
International Standard Book Number 9780281064380
040 ## - CATALOGING SOURCE
Original cataloging agency BSU LIB
Language of cataloging eng
Transcribing agency BSU
Modifying agency BSU
050 ## - LIBRARY OF CONGRESS CALL NUMBER
Classification number 291.3
Item number RAC
082 ## - DEWEY DECIMAL CLASSIFICATION NUMBER
Classification number 291.3
Item number RAC
100 ## - MAIN ENTRY--PERSONAL NAME
Personal name Race Alan
9 (RLIN) 25007
245 ## - TITLE STATEMENT
Title Making Sense of Religious Pluralism
Remainder of title Shaping theology of religions for our times
260 ## - PUBLICATION, DISTRIBUTION, ETC. (IMPRINT)
Place of publication, distribution, etc London
Name of publisher, distributor, etc SPCK
Date of publication, distribution, etc c2013
300 ## - PHYSICAL DESCRIPTION
Extent xiv,98p.
Other physical details Appendix
Dimensions 28.8cm
700 ## - ADDED ENTRY--PERSONAL NAME
Personal name Race,Alan
9 (RLIN) 25008
942 ## - ADDED ENTRY ELEMENTS (KOHA)
Source of classification or shelving scheme Dewey Decimal Classification
Koha item type Books
Call number prefix 291.3
Call number suffix 291.3
Holdings
Withdrawn status Lost status Source of classification or shelving scheme Damaged status Not for loan Home library Current library Date acquired Total Checkouts Full call number Date last seen Price effective from Koha item type
    Dewey Decimal Classification     Main Library Main Library 20/02/2025   291.3 RAC 20/02/2025 20/02/2025 Books

© 2017 Bishop Stuart University Library. All Rights Reserved.
Kakoba Campus, Plot 150 Buremba Road | P.O. Box 9, Mbarara, UGANDA | Tel: +256-772-463068
Email: library@bsu.ac.ug